Canto y guitarra en cañada de la cruz /
Guardado en:
| Autor Principal: | |
|---|---|
| Formato: | Libro |
| Publicado: |
La Plata :
Subsecretaria De Cultura,
1970
|
| Series: | Cuadernos Dl Inst. De Lit....1
|
| Materias: | |
| Etiquetas: |
Agregar Etiqueta
Sin Etiquetas, Sea el primero en etiquetar este registro!
|
| LEADER | 00604nam a22001815a 4500 | ||
|---|---|---|---|
| 001 | EHU.bham009986 | ||
| 003 | AR-BHAM | ||
| 005 | 20080417150557.0 | ||
| 008 | 130507s1970##################000#0#####d | ||
| 082 | A | 8 | |a 861.08 |
| 100 | 1 | |a Pereyra, Jesus Maria | |
| 245 | 1 | 0 | |a Canto y guitarra en cañada de la cruz / |c Jesus Maria Pereyra |
| 260 | |a La Plata : |b Subsecretaria De Cultura, |c 1970 | ||
| 300 | |a 57 p. | ||
| 490 | 0 | |a Cuadernos Dl Inst. De Lit....1 | |
| 500 | |a Ensayo Preliminar De Marcos Fingerit | ||
| 653 | |a Poesia argentina-colecciones | ||
| 859 | |a AR-BHAM |b BIB. HUMANIDADES - General |h A861.08 |i P415 |k A |p 597.70 |t Ej.1 | ||
